000 00832cam a2200241 a 4500
001 11760669
005 20240216060715.0
008 990719s1999 nyuaf b 001 0 eng
020 _a0814797504 (alk. paper)
020 _a0814797512 (pbk. : alk. paper)
040 _aDLC
_cDLC
_dDLC
082 0 0 _a320.
_221
_bCIN.
100 1 _aShapiro, Michael J.
245 1 0 _aCinematic political thought :
_bnarrating race, nation, and gender /
_cMichael J. Shapiro.
260 _aNew York :
_bNew York University Press,
_c1999.
300 _a176, P.,
650 0 _aMotion pictures
650 0 _aPolitical science
856 4 _uhttp://lcweb.loc.gov/catdir/toc/99038739.html
856 4 2 _uhttp://www.loc.gov/catdir/enhancements/fy0807/99038739-b.html
856 4 2 _uhttp://www.loc.gov/catdir/enhancements/fy0807/99038739-d.html
942 _cL
999 _c419
_d419